000
00265nam a2200109 4500
999
_c
507456
_d
507456
082
_a
L1 1960-61/D/8-14
100
_a
Government of India
_9
1704
245
_a
Budget, 1960-61
260
_a
New Delhi
_b
Government of India Press
_c
1960
300
_a
v.p.
942
_2
ddc